| 000 | 01497nam a2200325Ia 4500 | ||
|---|---|---|---|
| 001 | B0049 | ||
| 003 | IT-RoPAU | ||
| 008 | 130308s9999 xx 000 0 und d | ||
| 040 | _aIT-RoPAU | ||
| 040 | _cIT-RoPAU | ||
| 041 | _aINGLESE | ||
| 100 | _aRolfo Luigi | ||
| 100 | _gCodice Aut. SPICS: 1943 | ||
| 240 | _aDON GIACOMO ALBERIONE SEMPRE PROTESO IN AVANTI | ||
| 240 | _gCodice Tit. Orig. Spics: 33381 | ||
| 245 | _aJames Alberione: a Marvel of This Century | ||
| 245 | _bJames Alberione: a Marvel Of This Century | ||
| 250 | _a1a ed. | ||
| 260 | _aENGLAND | ||
| 260 | _bSt Paul Publications | ||
| 260 | _c1984 [1° Ed.:1984 - Ed.Ling.Originale:1982] | ||
| 300 | _a"170 p. (prefazione: 10; testo: 160 [pagine: 0-0])" | ||
| 500 | _a"Giacomo Alberione una meraviglia del Nostro Secolo. breve Storia della Suavita, del suo Tempo e della Sua Opera. Direttore Spirituale in Seminario. Umilissimi inizi di una Grande Opera. Laboriosa Approvazione della Societa'San Paolo. Figlie di San Paolo. inizi della Casa di Roma. Apostolato Dellastampa. Scrivere, Stampare, Diffondere. Periodici Voluti da Don Alberione.Paolini All'Estero. Primi passi nel Cinema. giorni tormentati della Guerra. per Riconoscenza Alla Vergine. Una Volontà che Deve Arrendersi. Documenti Fotografici. Incluso Il Volume ""Pensieri"" Dello Stesso Alberione." | ||
| 650 | _aSTUDI SU GIACOMO ALBERIONE | ||
| 650 | _eCodice materia Spics: 9902 | ||
| 942 | _cBK | ||
| 957 | _71 | ||
| 999 |
_c76254 _d76254 |
||
| 999 | _bSI | ||
| 999 | _g1 | ||